Une lettre suffit pour répondre juste #56 (attention 10 lettres tuent) - Statistiques

Statistiques générales
  • Ce quiz a été pris 99 fois
  • Le résultat moyen est 3 sur 6
Statistiques - réponses
Hint Réponse % Correct
Donne une des 5 lettres du nom de cet éléphant de fiction
DUMBO
100%
Donne une des 4 lettres du mot qui complète les paroles de la chanson Les portes du pénitencier de Johnny Hallyday : Les portes du pénitencier Bientôt vont se refermer Et c'est là que je finirai ma vie Comme d'autres ???? l'ont finie GARS
59%
Donne une des 3 lettres pour dire familièrement qu'il y a un point difficile, délicat : il y a un _ _ _ HIC
51%
Donne une des 2 lettres qui complète le courrier à envoyer en France ci-dessous : Société Lajoie 220 rue de la République ?? 90123 12100 MILLAU CEDEX BP
33%
Donne la première lettre du nom de la plus grande ville de la région Occitanie en 2022 (aussi bien intra muros que agglomération) T (Toulouse)
23%
Donne la première lettre du site de poker et pari sportif en ligne qui a pour slogans : - "Le plus important, c’est de gagner" - "Grosse cote, gros gain, gros respect" W (Winamax)
18%
Aucun quiz correspondant
Distribution des résultats
% des personnes avec chaque résultat
Percentile par nombre de réponses
Votre historique - résultats
Vous n’avez pas pris ce quiz